El ser y la esencia
Wedi'i Gadw mewn:
| Prif Awdur: | |
|---|---|
| Fformat: | Llyfr |
| Iaith: | Sbaeneg |
| Cyhoeddwyd: |
Madrid
Gredos
2012
|
| Rhifyn: | 1a. ed |
| Cyfres: | Biblioteca de Grandes Pensadores
|
| Pynciau: | |
| Tagiau: |
Ychwanegu Tag
Dim Tagiau, Byddwch y cyntaf i dagio'r cofnod hwn!
|
MARC
| LEADER | 00000cam a2200000 a 4500 | ||
|---|---|---|---|
| 001 | UCE8434 | ||
| 003 | CL-VaPUC | ||
| 008 | 150806e20120000sp |||||||||||||||||spa|d | ||
| 020 | |a 9788424936648 | ||
| 082 | 0 | 4 | |a 111 |b TOM |2 21 |
| 100 | |a Tomás de Aquino |d 1220-1274 |c Santo |e author |9 255832 | ||
| 245 | 1 | 3 | |a El ser y la esencia |
| 246 | 1 | 0 | |a Cuestiones disputadas sobre la verdad |
| 246 | 1 | 0 | |a Suma contra los gentiles |
| 246 | 1 | 0 | |a Cuestiones sobre la potencia de Dios |
| 246 | 1 | 0 | |a Cuestiones disputadas sobre el mal |
| 246 | 1 | 0 | |a Suma de Teología |
| 246 | 1 | 3 | |a La monarquía, al rey de Chipre |
| 246 | 1 | 0 | |a Cuestiones disputadas sobre el alma |
| 246 | 1 | 0 | |a Cuestión sobre las virtudes en general |
| 246 | 1 | 0 | |a Compendio de Teología |
| 246 | 1 | 0 | |a Tratado de los ángeles o sustancias espirituales |
| 250 | |a 1a. ed | ||
| 300 | |a 795 p | ||
| 942 | |c BK | ||
| 945 | |d 20150806 12:26:00 |a dcastane | ||
| 260 | |a Madrid |b Gredos |c 2012 | ||
| 650 | 0 | |a Ontología |9 256850 | |
| 650 | 0 | |a Filosofía medieval |9 256245 | |
| 583 | |a last modification |c 20150806 12:26:00 |k Rodrigo Vera | ||
| 490 | 0 | |a Biblioteca de Grandes Pensadores | |
| 999 | |c 360303 |d 360301 | ||
| 952 | |0 0 |1 0 |3 erd |4 0 |6 111_000000000000000_TOM_2012 |7 0 |8 R |9 470021 |a BIBEDU |b BIBEDU |c MCIRC |i 5191742 |l 2 |o 111 TOM 2012 |p 5191742 |r 2023-01-13 |s 2022-11-28 |w 2019-11-23 |y BK_R |z Catalogado en:20150806 |k FIL | ||